| 000 | 00522nam a2200157Ia 4500 | ||
|---|---|---|---|
| 008 | 241102s9999||||xx |||||||||||||| ||und|| | ||
| 020 | _a9789698113124 | ||
| 060 |
_aQV 766 _b.B37 2012 |
||
| 100 | _aBasha, Fatime Z. | ||
| 245 | 0 |
_aNew natural products isolated at HEJ research institute of Chemistry (1976-2010) / _cby Fatima Z. Basha & Anwer Basha |
|
| 250 | _a1st ed. | ||
| 260 |
_aKarachi : _bH.E.J. Research Institute of Chemistry, _c2012 |
||
| 300 |
_axvi,388 p. _bill. |
||
| 700 | _aBasha, Anwer | ||
| 942 |
_bDMC _cBK |
||
| 999 |
_c22937 _d22937 |
||